Realizácia opatrení sociálno-právnej ochrany vo vybraných detských domovoch (analýza podmienok a komparácia) bakalárska práca

Saved in:
Bibliographic Details
Main Author: Hollá, Dorota
Corporate Author: Národohospodárska fakulta EU. Katedra sociálneho rozvoja a práce
Other Authors: Husáková, Mária
Format: Book
Language:Slovak
Published: Bratislava 2009
Tags: Add Tag
No Tags, Be the first to tag this record!

MARC

LEADER 00000nam$a2200000$$$4500
001 0100849
005 20240318140521.7
041 0 |a slo 
044 |a SK 
245 1 0 |a Realizácia opatrení sociálno-právnej ochrany vo vybraných detských domovoch (analýza podmienok a komparácia)  |b bakalárska práca  |c Dorota Hollá ; škol. Mária Husáková 
264 1 |a Bratislava  |c 2009 
300 |a 55 s. 
100 1 |a Hollá, Dorota 
700 1 |a Husáková, Mária 
710 2 |a Národohospodárska fakulta EU. Katedra sociálneho rozvoja a práce